Calculus: Differentiation/Derivative Rules - Statistics

General Stats
  • This quiz has been taken 345 times
  • The average score is 8 of 10
Answer Stats
y = f(x) Answer % Correct
sin x cos x
96%
cos x -sin x
96%
k, constant 0
95%
e^x e^x
91%
ln|x| 1/x
85%
x^n, n constant nx^n-1
81%
tan x sec^2(x)
67%
cot x -csc^2(x)
51%
sec x sec(x)*tan(x)
50%
csc x -csc(x)*cot(x)
41%
No matching quizzes found
Score Distribution
Percent of People with Each Score
Percentile by Number Answered
Your Score History
You have not taken this quiz